| 000 | 01041cad a22002175a 4500 | ||
|---|---|---|---|
| 001 | L142963 | ||
| 008 | 070315s2008 xxkd f s 000 0 eng d | ||
| 035 | _a(Sirsi) u142963 | ||
| 041 | 0 | _aeng | |
| 050 | 0 | 4 | _a380.1 $2 18 |
| 110 | 2 |
_aEssential Information Group _94336 |
|
| 245 | 0 | 0 |
_aRAPID (residential auction property investment data) _bissue 3: March 2008 _h[electronic resource] |
| 260 |
_aReigate _bEIG _c2008 |
||
| 520 | _aExamines the prices of new build flats at auction. Finds that these have fallen by an average 26% as the amount of distressed stock at auction increases. First time buyers are returning to the auction market. The market for city centre new build flats is found to be oversupplied. Also finds that the London market is weathering changes in the buy to let sector. | ||
| 590 | _aKA NTK | ||
| 651 | 4 |
_aUnited Kingdom _y |
|
| 690 |
_aAuctioneering _96218 |
||
| 710 | 1 |
_aAllsop _93151 |
|
| 856 | 4 | 0 |
_uhttps://www.eigroup.co.uk/market-data/rapid/ _zView the item free of charge at www.eigroup.co.uk... |
| 942 | _n0 | ||
| 999 |
_c108028 _d108028 |
||